Responses for Show #1732 - Tuesday, February 25, 1992

1992 Teen Tournament quarterfinal game 2.

Contestants

[<< previous game]

Raj Raghavan, a junior from Plano, Texas

Muffy Morris, a sophomore from Swarthmore, Pennsylvania

K.C. Harris, a senior from South Hill, Virginia

[next game >>]

Jeopardy! Round responses

LANDMARKS
THE MOVIES
GEMS & JEWELRY
FAMOUS JOHNS
SINGING
PUNCTUATION MARKS
    $100 11
Plymouth Rock

Raj
    $100 1
Hook

Muffy
    $100 16
emeralds

Raj
    $100 17
John Audubon

Muffy
    $100 26
lyre

Raj
    $100 6
period

Raj
    $200 12
The Sphinx

Muffy
    $200 2
My Girl

Muffy
    $200 18
pearls

Raj
    $200 19
(K.C.: Who is John Wellsley?)

John Wesley

K.C.Raj
    $200 27
(K.C.: What is [*]?)
(Muffy: What is an [**]?
[K.C.'s response was ruled incorrect and the decision was later reversed.]

*solo (**aria)

K.C.Muffy
    $200 7
quotation marks

Muffy
    $300 13
New Jersey

Muffy
    $300 3
Father of the Bride

K.C.
    $300 23
(K.C.: What is your finger?)

head

K.C.Muffy
    $300 20
(Raj: Who is John Adams?)

John Peter Zenger

Raj
Triple Stumper
    $300 28
(K.C.: What is garland?)

ornament

K.C.
Triple Stumper
    $300 8
exclamation point

Raj
    $400 14
(K.C.: Who is George Washington?)

Thomas Jefferson

K.C.Muffy
    $400 4
Jodie Foster

Muffy
    $900 24
Arizona & New Mexico

Muffy
    $400 21
Edgar

Raj
    $400 29
tremolo

Triple Stumper
    $400 9
hyphen

Muffy
    $500 15
[Muffy said the name as "E-fell."]

Eiffel

Muffy
    $500 5
Danny Devito

Raj
    $500 25
alexandrite

K.C.
    $500 22
John Tyler

Triple Stumper
    $500 30
treble

Muffy
    $500 10
colon

Raj

Scores at the first commercial break (after clue 15):

K.C. Muffy Raj
-$100 $2,700 $1,500

Scores at the end of the Jeopardy! Round:

K.C. Muffy Raj
-$200 $4,700 $2,200

Double Jeopardy! Round responses

SPAIN
BLACK AMERICA
MATH
COINS
ANCIENT HISTORY
QUOTES
    $200 26
bulls

Raj
    $200 1
New York City

Raj
    $200 2
10

K.C.
    $200 21
(K.C.: Who is Roosevelt?)
(Alex: Be more specific.)

Franklin Roosevelt

K.C.
    $200 4
(K.C.: What is Latin?)

Greek

K.C.Muffy
    $200 12
water

Raj
    $400 27
flamenco

K.C.
    $400 3
Colin Powell

Muffy
    $400 13
18

Raj
    $400 22
(Raj: Who is Neferiti?)

Cleopatra

K.C.Raj
    $400 5
Delphi

Raj
    $400 17
I conquered

Raj
    $600 28
(K.C.: What is Barcelona?)

Valencia

K.C.
Triple Stumper
    $600 8
George Washington Carver

Muffy
    $600 14
negative

Raj
    $600 23
(K.C.: What is Florence?)

Venice

K.C.
Triple Stumper
    $600 6
Hungary

Muffy
    $1,600 18
(Raj: George Washington?)

Abraham Lincoln

Raj
    $1,200 29
(K.C.: What is Madrid?)
...
[The end of the round signals.]

Seville

K.C.
    $800 10
Florence Griffith-Joyner

Muffy
    $800 15
exponent

Triple Stumper
    $800 24
Santa Maria

Raj
    $800 7
Hannibal

K.C.
    $800 19
Benjamin Franklin

K.C.
    $1000 11
Harvard

Muffy
    $1000 16
29

Raj
    $1000 25
Lord Baltimore

K.C.
    $1000 9
(K.C.: What is Memphis?)

Thebes

K.C.
Triple Stumper
    $1000 20
(Muffy: What is marriage?)

poverty

K.C.Muffy

Scores at the end of the Double Jeopardy! Round:

K.C. Muffy Raj
$1,000 $7,300 $4,400

Final Jeopardy! Round responses

ASTRONOMY
K.C.What is Mars?
$1,000
RajWhat is Mars?
$4,400
MuffyWhat is Mars?
$1,000
Mars

Final scores:

K.C. Muffy Raj
$2,000 $8,300 $8,800
3rd place: $1,000 if eliminated 2nd place: $1,000 if eliminated Automatic semifinalist

Game dynamics:

Coryat scores:

K.C. Muffy Raj
$2,200 $6,800 $6,000
11 R,
9 W
(including 1 DD)
20 R
(including 1 DD),
1 W
19 R,
3 W
(including 1 DD)

Combined Coryat: $15,000

[game clues] [game scores] [suggest correction]

Game tape date: 1992-01-03
The J! Archive is created by fans, for fans. Scraping, republication, monetization, and malicious use prohibited; this site may use cookies and collect identifying information. See terms. The Jeopardy! game show and all elements thereof, including but not limited to copyright and trademark thereto, are the property of Jeopardy Productions, Inc. and are protected under law. This website is not affiliated with, sponsored by, or operated by Jeopardy Productions, Inc. Join the discussion at JBoard.tv.